000 00183nam a2200073Ia 4500
008 170524s9999 xx 000 0 und d
100 _aDESSELER- G
245 0 _aHUMAN RESOURCES MANAGEMENT
260 _bCONCEPT PUB. CO.
999 _c7924
_d7924